<?xml version="1.0" encoding="UTF-8"?>
<marc:record xmlns:marc="http://www.loc.gov/MARC21/slim">
   <marc:leader>00000nam a2200000 a 4500</marc:leader>
   <marc:datafield ind1="1" ind2=" " tag="100">
      <marc:subfield code="a">Dahle,  Stefanie</marc:subfield>
      <marc:subfield code="4">aut</marc:subfield>
      <marc:subfield code="e">Verfasser/-in</marc:subfield>
   </marc:datafield>
   <marc:datafield ind1="0" ind2="0" tag="245">
      <marc:subfield code="a">Geschichten von Erdbeerinchen Erdbeerfee</marc:subfield>
   </marc:datafield>
   <marc:datafield ind1="0" ind2="0" tag="245">
      <marc:subfield code="b">Erdbeerzauber im Feenland;  Zauberhafte Überraschung im Feenschloss</marc:subfield>
   </marc:datafield>
   <marc:datafield ind1="0" ind2="0" tag="245">
      <marc:subfield code="c">Stefanie Dahle</marc:subfield>
   </marc:datafield>
   <marc:datafield ind1=" " ind2="1" tag="264">
      <marc:subfield code="a">Rheinbreitbach</marc:subfield>
      <marc:subfield code="b">Ullmann Medien </marc:subfield>
   </marc:datafield>
   <marc:datafield ind1="1" ind2=" " tag="520">
      <marc:subfield code="a">Zwei Abenteuer in einem Band&lt;br/&gt;&lt;br/&gt;Erdbeerzauber im Feenland:&lt;br/&gt;Ein Wettbewerb rund um die schönste Erdbeer-Idee! Da muss Erdbeerinchen Erdbeerfee natürlich mitmachen! Schwupps, hüpft sie in ihren roten Ballon und segelt mit Bibo Schmetterling und Feenkind Trudi direkt in ein spannendes Abenteuer. Ob sie wohl rechtzeitig zum Wettbewerb im Feenland ankommen werden?&lt;br/&gt;&lt;br/&gt;Zauberhafte Überraschung im Feenschloss:&lt;br/&gt;Erdbeerinchen ist schon sooo aufgeregt: Sie ist ins Schloss der Feenkönigin eingeladen und soll dort auf die Zauberpflänzchen aufpassen! Eigentlich kein Problem für eine echte Erdbeerfee; doch kaum ist die Feenkönigin weg, machen ihre Zauberpflanzen nur noch Unsinn. Sie sausen durch den Garten, machen Quatsch mit Bibo Schmetterling und lassen es sogar mitten im Schloss regnen! Oje, was wird die Königin nur zu dieser Überraschung sagen?&lt;br/&gt;&lt;br/&gt;Antolin!</marc:subfield>
   </marc:datafield>
   <marc:datafield ind1=" " ind2=" " tag="020">
      <marc:subfield code="a">4061462926969</marc:subfield>
      <marc:subfield code="9">4061462926969</marc:subfield>
   </marc:datafield>
   <marc:datafield ind1=" " ind2=" " tag="041">
      <marc:subfield code="a">ger</marc:subfield>
   </marc:datafield>
   <marc:datafield ind1=" " ind2=" " tag="300">
      <marc:subfield code="b">Dahle, Stefanie</marc:subfield>
   </marc:datafield>
   <marc:datafield ind1="1" ind2=" " tag="521">
      <marc:subfield code="a">0</marc:subfield>
   </marc:datafield>
</marc:record>
